|
|
|
|
| LEADER |
00000cam a2200000 7i4500 |
| 001 |
0000018414 |
| 005 |
20071204.0 |
| 040 |
|
|
|a INS
|
| 090 |
0 |
0 |
|a AVO74
|
| 110 |
2 |
|
|a Kursus induksi modul khusus
|k 2006 14 - 16 Ogos
|c INSPEN, Bangi
|
| 245 |
0 |
0 |
|a Kursus induksi modul khusus bagi kumpulan pengurusan & profesional gred W41 & sokongan 11 gred W27 :
|b 14 - 16 Ogos 2006
|c Anjuran Pusat Penilaian dan Perkhidmatan Harta INSPEN
|
| 260 |
|
|
|a Bangi :
|b Institut Penilaian Negara ,
|c 2006
|
| 300 |
|
|
|a 1 v. (Mukasurat pelbagai) :
|b ill ;
|c 30 cm.
|
| 610 |
1 |
0 |
|a Jabatan Penilaian dan Perkhidmatan Harta
|x Employees
|x Training of
|
| 650 |
0 |
0 |
|a Civil services
|x Officials and employees
|x Training of
|
| 650 |
0 |
0 |
|a Employees
|x Training of
|z Malaysia
|
| 710 |
1 |
|
|a INSPEN (Institut Penilaian Negara)
|
| 856 |
|
|
|u http://app.inspen.gov.my:7779/pls/portal/docs/PAGE/CORPORATEPAGES/PORTAL_INSPEN/NOTA_KURSUS/AVO/AJ)%20KURSUS%20INDUKSI%20KHUSUS%20BG%20KUMP%20PENGURUSAN%20%26%20PROFESIONAL%20W4I%20%26%20W27.PDF
|
| 999 |
|
|
|a AVO0000109
|b BOOK
|c Course Notes
|e Default branch
|
| 999 |
|
|
|a AVO0000110
|b BOOK
|c Course Notes
|e Default branch
|
| 999 |
|
|
|a AVO0000133
|b BOOK
|c Course Notes
|e Default branch
|